| 000 | 01011nam a2200313Ia 4500 | ||
|---|---|---|---|
| 001 | 19609 | ||
| 003 | DO-CoUTE | ||
| 005 | 20260204212606.0 | ||
| 008 | 220104s9999 dr 000 0 spa d | ||
| 020 | _a978-958-725-033-6 | ||
| 040 |
_aDO-CoUTE _bspa _cDO-CoUTE |
||
| 041 | 0 | _aspa | |
| 082 | _a635.41 G463c | ||
| 100 | 1 | _aGil, Rodrigo | |
| 245 | 1 | 0 | _aEl cultivo de la espinaca (Spinacia oleracea L.):y su manejo fitosanitario en Colombia / Rodrigo Gil y otros seis;coordinador, Jaime Jiménez |
| 260 | _aBogotá, Colombia : Editorial Fundación Universidad de Bogotá Jorge Tadeo Lozano | ||
| 300 | _a132 páginas | ||
| 650 | 4 | _aEspinaca-Control de plagas | |
| 650 | 4 | _aEspinaca-cultivo-Colombia | |
| 650 | 4 | _aspinaca-Enfermedades y plagas | |
| 700 | 1 | _aArias, Luis A. | |
| 700 | 1 | _aEspinosa, Ligia | |
| 700 | 1 | _aFuentes, Luz S. | |
| 700 | 1 | _aNiño, Nancy | |
| 700 | 1 | _aRodríguez, Marcela | |
| 942 |
_2ddc _cBK |
||
| 999 |
_c20955 _d20955 |
||